The evolution of PECC: the first 25 years
Salvato in:
| Ente Autore: | |
|---|---|
| Natura: | Libro |
| Lingua: | inglese |
| Pubblicazione: |
Singapur
Pacific Economic Cooperation Council
2005
|
| Soggetti: | |
| Tags: |
Aggiungi Tag
Nessun Tag, puoi essere il primo ad aggiungerne!!
|
MARC
| LEADER | 00000cam a2200000 a 4500 | ||
|---|---|---|---|
| 001 | UCG2566 | ||
| 003 | CL-VaPUC | ||
| 008 | 100715e20050000si |||||||||||||||||eng|d | ||
| 020 | |a 9810541740 | ||
| 082 | 0 | 4 | |a 338.9 |b PAC |2 21 |
| 110 | 2 | |a Pacific Economic Cooperation Council |e author |9 551037 | |
| 245 | 1 | 4 | |a The evolution of PECC: the first 25 years |
| 300 | |a 182 p | ||
| 942 | |c BK | ||
| 945 | |d 20100715 00:00:00 |a dcastane | ||
| 260 | |a Singapur |b Pacific Economic Cooperation Council |c 2005 | ||
| 650 | 0 | |a Economía internacional |9 258254 | |
| 650 | 0 | |a Países en desarrollo |9 259663 | |
| 650 | 0 | |a Asistencia técnica |9 259669 | |
| 650 | 7 | |a POLITICA DE DESARROLLO |2 CL-VaPUC |9 335853 | |
| 651 | 7 | |a CUENCA DEL PACIFICO |2 CL-VaPUC |9 331969 | |
| 583 | |a last modification |c 20160929 08:34:48 |k Rodrigo Vera | ||
| 999 | |c 341707 |d 341705 | ||
| 952 | |0 0 |1 0 |4 0 |6 338_900000000000000_PAC_2005 |7 0 |8 A |9 437372 |a BIBGIM |b BIBGIM |d 2019-11-22 |i 4692691 |o 338.9 PAC 2005 |p 4692691 |r 2025-01-15 |w 2019-11-22 |y BK |k ORI | ||
| 952 | |0 0 |1 0 |4 0 |6 338_900000000000000_PAC_2005 |7 0 |8 A |9 437373 |a BIBGIM |b BIBGIM |d 2019-11-22 |i 4692705 |o 338.9 PAC 2005 |p 4692705 |r 2025-01-15 |w 2019-11-22 |y BK |k ORI | ||